<?xml version="1.0" encoding="UTF-8"?>
<marc:record xmlns:marc="http://www.loc.gov/MARC21/slim">
   <marc:leader>00000nam a2200000 a 4500</marc:leader>
   <marc:datafield ind1="1" ind2=" " tag="100">
      <marc:subfield code="a">Haasz, Christian</marc:subfield>
      <marc:subfield code="4">aut</marc:subfield>
      <marc:subfield code="e">Verfasser/-in</marc:subfield>
   </marc:datafield>
   <marc:datafield ind1=" " ind2=" " tag="653">
      <marc:subfield code="a">Digitale Fotografie</marc:subfield>
   </marc:datafield>
   <marc:datafield ind1=" " ind2=" " tag="653">
      <marc:subfield code="a">Softcover / Ratgeber/Hobby</marc:subfield>
   </marc:datafield>
   <marc:datafield ind1=" " ind2=" " tag="653">
      <marc:subfield code="a">Haus/Fotografieren</marc:subfield>
   </marc:datafield>
   <marc:datafield ind1=" " ind2=" " tag="653">
      <marc:subfield code="a">Filme</marc:subfield>
   </marc:datafield>
   <marc:datafield ind1=" " ind2=" " tag="653">
      <marc:subfield code="a">Videofilmen</marc:subfield>
   </marc:datafield>
   <marc:datafield ind1=" " ind2=" " tag="653">
      <marc:subfield code="a">Anleitung</marc:subfield>
   </marc:datafield>
   <marc:datafield ind1="0" ind2="0" tag="245">
      <marc:subfield code="a">Fotoschule</marc:subfield>
   </marc:datafield>
   <marc:datafield ind1="0" ind2="0" tag="245">
      <marc:subfield code="b">einfach besser fotografieren</marc:subfield>
   </marc:datafield>
   <marc:datafield ind1="0" ind2="0" tag="245">
      <marc:subfield code="c">Christian Haasz</marc:subfield>
   </marc:datafield>
   <marc:datafield ind1=" " ind2="1" tag="264">
      <marc:subfield code="a">Poing</marc:subfield>
      <marc:subfield code="b">Franzis</marc:subfield>
      <marc:subfield code="c">2010</marc:subfield>
   </marc:datafield>
   <marc:datafield ind1="1" ind2=" " tag="490">
      <marc:subfield code="a">Das Franzis-Praxisbuch</marc:subfield>
   </marc:datafield>
   <marc:datafield ind1="1" ind2=" " tag="520">
      <marc:subfield code="a">Angaben aus der Verlagsmeldung

Fotoschule : Das Franzis Praxisbuch / von Christian Haasz

Der Fitmacher für den Einsteig in die ambitionierte Fotografie. Tipps, Tricks und Anleitungen: vom simplen Urlaubs-Schnappschuss bis zum anspruchsvollen Aktfoto.Mehr als nur Kamera draufhalten und knipsen. Wollen Sie wissen, warum manche Bilder besser aussehen als andere, obwohl sie das gleiche Motiv zeigen? Drittelregel, Goldener Schnitt, Führungslinien – all das und mehr wird so praxisnah erklärt, dass Sie nach dem Lesen sofort loslegen können und im Handumdrehen bessere Fotos machen. Egal ob mit Kompakt- oder Spiegelreflexkamera. Der ideale Fotoratgeber für die Fototasche im ultrakompakten DIN A5-Format. Aus dem Inhalt:• Empfehlungen für den Kauf der richtigen Kamera• Brennweite, Lichtstärke und Schärfentiefe• Warum Sie besser vom Digitalzoom die Finger lassen• Objektivtypen: Zoom, Festbrennweite, Supertele und Makro • Weißabgleich für die perfekte Farbwiedergabe• Leicht und verständlich: die Belichtungsmessmethoden • Wie Sie Blende und Verschlusszeit manuell steuern• Vorteile der halbautomatischen Belichtungsprogramme• Sorglos fotografieren mit dem Autofokus• Richtiges Blitzen ist gar nicht so schwer• Wichtige Regeln für die perfekte Bildgestaltung• Besondere Lichtstimmungen deuten und festhalten• Aktfotografie, Architektur und Stillleben• Eindrucksvolle HDR-Bilder, Landschaft und Natur• Feuer, Wasser und Nachtaufnahmen• Sport und Bewegung, Reisen und Porträt• und vieles mehr
</marc:subfield>
   </marc:datafield>
   <marc:datafield ind1=" " ind2=" " tag="020">
      <marc:subfield code="a">9783645600699</marc:subfield>
      <marc:subfield code="9">9783645600699</marc:subfield>
   </marc:datafield>
   <marc:datafield ind1=" " ind2=" " tag="041">
      <marc:subfield code="a">ger</marc:subfield>
   </marc:datafield>
   <marc:datafield ind1=" " ind2=" " tag="300">
      <marc:subfield code="a">192 S.</marc:subfield>
   </marc:datafield>
</marc:record>
